000 00358nam a22001457a 4500
020 _a0586071652
082 _a813.54
_bLUS
100 _aLustbader, Eric Van
245 _aShan
260 _aLondon:
_bGrafton Books;
_c1987.
300 _a656p
563 _aPB
650 _aAdventure stories
_aFiction
_aTaoist literature
_9117985
942 _2ddc
_cBK
999 _c603111
_d603111